000 00230nam a2200085Ia 4500
008 170620s9999 xx 000 0 und d
100 _aReddy- D. Dayakara
245 0 _aValue oriented Education
260 _bNew Delhi- Discovery Publishing House
260 _c2006
999 _c24627
_d24627